<?xml version="1.0" encoding="UTF-8"?>
<record
    xmlns:xsi="http://www.w3.org/2001/XMLSchema-instance"
    xsi:schemaLocation="http://www.loc.gov/MARC21/slim http://www.loc.gov/standards/marcxml/schema/MARC21slim.xsd"
    xmlns="http://www.loc.gov/MARC21/slim">

  <leader>01712nam a2200265Ia 4500</leader>
  <datafield tag="999" ind1=" " ind2=" ">
    <subfield code="c">5045</subfield>
    <subfield code="d">5045</subfield>
  </datafield>
  <controlfield tag="003">OSt</controlfield>
  <controlfield tag="005">20200507112158.0</controlfield>
  <controlfield tag="008">191128s2003    ck a   gr     000 0 spa d</controlfield>
  <datafield tag="020" ind1=" " ind2=" ">
    <subfield code="a">958802546X</subfield>
  </datafield>
  <datafield tag="082" ind1="0" ind2="4">
    <subfield code="a">307.098 / </subfield>
    <subfield code="b">P838c</subfield>
  </datafield>
  <datafield tag="100" ind1="1" ind2=" ">
    <subfield code="a">Porras Vallejo, Oswaldo Ahar&#xF3;n, </subfield>
    <subfield code="e">autor</subfield>
    <subfield code="9">4067</subfield>
  </datafield>
  <datafield tag="245" ind1="1" ind2="0">
    <subfield code="a">Construcci&#xF3;n de un futuro para Colombia desde sus territorios /</subfield>
    <subfield code="c">Oswaldo Ahar&#xF3;n Porras Vallejo, Jos&#xE9; Oswaldo Espinosa Cuervo, Hernando Gonz&#xE1;lez Murillo, &#xD3;scar Ismael S&#xE1;nchez Romero [y otros 2]</subfield>
  </datafield>
  <datafield tag="246" ind1=" " ind2=" ">
    <subfield code="a">T&#xED;tulo en la cubierta:  Memorias Seminario Nacional, Bogot&#xE1;, mayo 14-15 de 2003</subfield>
  </datafield>
  <datafield tag="260" ind1=" " ind2=" ">
    <subfield code="a">Bogot&#xE1; : </subfield>
    <subfield code="b">Departamento Nacional de Planeaci&#xF3;n, </subfield>
    <subfield code="c">2003</subfield>
  </datafield>
  <datafield tag="300" ind1=" " ind2=" ">
    <subfield code="a">214 p&#xE1;ginas : </subfield>
    <subfield code="b">ilustraciones en blanco y negro ; </subfield>
    <subfield code="c">28 cm.</subfield>
  </datafield>
  <datafield tag="505" ind1=" " ind2=" ">
    <subfield code="a">Instalaci&#xF3;n del seminario -- Procesos de planeaci&#xF3;n estrat&#xE9;gica regional -- Procesos de planeaci&#xF3;n estrat&#xE9;gica departamental -- Otras experiencias en materia de planeaci&#xF3;n estrat&#xE9;gica en Colombia -- Experiencia internacional en materia de planeaci&#xF3;n estra</subfield>
  </datafield>
  <datafield tag="520" ind1=" " ind2=" ">
    <subfield code="a">La publicaci&#xF3;n de las memorias del seminario nacional: "Construcci&#xF3;n de un futuro para Colombia desde sus territorios", realizado los d&#xED;as 14 y 15 de mayo de 2003 en la ciudad de Bogot&#xE1;, constituye un aporte del Departamento Nacional de Planeaci&#xF3;n.</subfield>
  </datafield>
  <datafield tag="650" ind1="1" ind2="4">
    <subfield code="a">Prospectiva Planificaci&#xF3;n estrat&#xE9;gica </subfield>
    <subfield code="x">Congresos, reuniones</subfield>
    <subfield code="9">4068</subfield>
  </datafield>
  <datafield tag="650" ind1="2" ind2="4">
    <subfield code="a">Planificaci&#xF3;n regional</subfield>
    <subfield code="x">Entidades territoriales </subfield>
    <subfield code="9">4069</subfield>
  </datafield>
  <datafield tag="650" ind1="2" ind2="4">
    <subfield code="a">Desarrollo social</subfield>
    <subfield code="x">Planificaci&#xF3;n participativa</subfield>
    <subfield code="9">4070</subfield>
  </datafield>
  <datafield tag="700" ind1="1" ind2=" ">
    <subfield code="a">Espinosa, Jos&#xE9; Oswaldo,  </subfield>
    <subfield code="e">autor</subfield>
    <subfield code="9">4071</subfield>
  </datafield>
  <datafield tag="700" ind1="1" ind2=" ">
    <subfield code="a">Gonz&#xE1;lez Murillo, Hernando,  ;  </subfield>
    <subfield code="e">autor</subfield>
    <subfield code="9">4072</subfield>
  </datafield>
  <datafield tag="710" ind1="1" ind2=" ">
    <subfield code="a">S&#xE1;nchez Romero, &#xD3;scar Ismael, </subfield>
    <subfield code="9">4073</subfield>
  </datafield>
  <datafield tag="942" ind1=" " ind2=" ">
    <subfield code="2">ddc</subfield>
    <subfield code="c">BK</subfield>
  </datafield>
  <datafield tag="952" ind1=" " ind2=" ">
    <subfield code="0">0</subfield>
    <subfield code="1">0</subfield>
    <subfield code="2">ddc</subfield>
    <subfield code="3">Donaci&#xF3;n--15/04/2018--</subfield>
    <subfield code="4">0</subfield>
    <subfield code="7">0</subfield>
    <subfield code="a">CPL</subfield>
    <subfield code="b">CPL</subfield>
    <subfield code="c">GEN</subfield>
    <subfield code="d">2019-11-28</subfield>
    <subfield code="e">Donaci&#xF3;n</subfield>
    <subfield code="g">0.00</subfield>
    <subfield code="l">0</subfield>
    <subfield code="o">307.098 / P838c</subfield>
    <subfield code="p">430001193</subfield>
    <subfield code="r">2024-05-16 00:00:00</subfield>
    <subfield code="t">Ej.1</subfield>
    <subfield code="w">2019-11-28</subfield>
    <subfield code="y">BK</subfield>
  </datafield>
</record>
